000 00461nam a2200181Ia 4500
001 23657
005 20260414150952.0
008 260414t2018||||xx |||||||||||||| ||spa||
041 _aESP
082 _a690
_bA11
100 _aAbanto Castillo, Tomás Flavio,
_eAUT
245 0 _aAnálisis y diseño de edificaciones de albañilería
_b
260 _c2018
300 _a373 páginas :
_c24 cm.
650 _a0
654 _aCIC
942 _cLIB
_dJUS
_fJUS
_2ddc
_n
999 _c23657
_d23657